By hand ; a guide to schools and careers in crafts /

Bibliographic Details
Main Author: Coyne, John
Other Authors: Hebert, Tom
Format: Book
Language:English
Published: New York : E. P. Dutton, 1974.
Edition:[1st ed.].
Subjects:

MARC

Tag First Indicator Second Indicator Subfields
LEADER 00000cam a2200000 4500
001 in00000095230
005 20150927110658.0
008 731016s1974 nyu br 00010 eng
010 |a  73018022  
035 |a (OCoLC)00737062 
035 |9 AAL7112AM 
040 |a DLC  |c DLC  |d TXA  |d UtOrBLW 
049 |a TXAM  |c [1338505] 
050 0 0 |a TT12  |b .C69 1974 
082 0 |a 745.5 
100 1 |a Coyne, John. 
245 1 0 |a By hand ;  |b a guide to schools and careers in crafts /  |c [by] John Coyne & Tom Hebert. 
250 |a [1st ed.]. 
264 1 |a New York :  |b E. P. Dutton,  |c 1974. 
300 |a 255 pages 
336 |a text  |b txt  |2 rdacontent 
337 |a unmediated  |b n  |2 rdamedia 
338 |a volume  |b nc  |2 rdacarrier 
504 |a Bibliography: p. 
650 0 |a Handicraft  |x Study and teaching  |x Directories. 
650 0 |a Artisans. 
700 1 |a Hebert, Tom. 
999 |a MARS 
999 f f |s 6451dea3-921f-3ba4-9383-509e0dc28142  |i 2c2cce2c-1c5f-3fe7-ac5e-18c36547e058  |t 0 
952 f f |p ric  |a Texas A&M University  |b Rellis Campus  |c Joint Library Facility  |d Remote Storage  |t 0  |e TT12 .C69 1974  |h Library of Congress classification  |i unmediated -- volume  |m A14805655289 
998 f f |a TT12 .C69 1974  |t 0  |l Remote Storage